000 00993cam a2200253 4500
001 14412
005 20230410102024.0
008 060907n1984 dr spa
035 _9funglode14534
041 _aspa
050 1 4 _a118 HC 153.5
_bS623 1984
245 0 3 _aLa situación cambiaria en la República Dominicana /
_c[editor, Frank Moya Pons].
260 _aSanto Domingo :
_bFORUM,
_c1984
300 _a252 p. :
_bill. ;
_c22 cm.
440 0 _aForum ;
_v13
500 _aPapers presented at a meeting sponsored by FORUM on Sat., March 10, 1984 in the Hotel Santo Domingo Sur.
651 0 _aDominican Republic
_xEconomic policy
_xCongresses.
610 2 0 _aInternational Monetary Fund
_zDominican Republic
_xCongresses.
650 0 _aEconomic stabilization
_zDominican Republic
_xCongresses.
650 0 _aForeign exchange
_zDominican Republic
_xCongresses.
650 0 _aBalance of payments
_zDominican Republic
_xCongresses.
700 2 _aMoya Pons, Frank,
_d1944-
942 _2lcc
_cbk
999 _c17434
_d17434